00341nam a2200097Ia 4500008004100000020001800041100002500059245009500084260004400179300002000223180315s9999 xx 000 0 und d a9781433820991 aMonastra, Vincent J. aTeaching life skills to children and teens with ADHD :ba guide for parents and counselors aWashington, D.C :b2016cAPA Life tools aviii, 217 pages